<?xml version="1.0" encoding="UTF-8"?>
<record
    xmlns:xsi="http://www.w3.org/2001/XMLSchema-instance"
    xsi:schemaLocation="http://www.loc.gov/MARC21/slim http://www.loc.gov/standards/marcxml/schema/MARC21slim.xsd"
    xmlns="http://www.loc.gov/MARC21/slim">

  <leader>02195nam a2200289Ia 4500</leader>
  <controlfield tag="001">K0598</controlfield>
  <controlfield tag="003">IT-RoPAU</controlfield>
  <controlfield tag="008">130308s9999    xx            000 0 und d</controlfield>
  <datafield tag="040" ind1=" " ind2=" ">
    <subfield code="a">IT-RoPAU</subfield>
  </datafield>
  <datafield tag="040" ind1=" " ind2=" ">
    <subfield code="c">IT-RoPAU</subfield>
  </datafield>
  <datafield tag="041" ind1=" " ind2=" ">
    <subfield code="a">ITALIANO  </subfield>
  </datafield>
  <datafield tag="100" ind1=" " ind2=" ">
    <subfield code="a">Marucchi Orazio</subfield>
  </datafield>
  <datafield tag="100" ind1=" " ind2=" ">
    <subfield code="g">Codice Aut. SPICS: 60242</subfield>
  </datafield>
  <datafield tag="245" ind1=" " ind2=" ">
    <subfield code="a">Catacombe romane (Le)</subfield>
  </datafield>
  <datafield tag="245" ind1=" " ind2=" ">
    <subfield code="b">Catacombe Romane (Le)                                                                                                                                     </subfield>
  </datafield>
  <datafield tag="250" ind1=" " ind2=" ">
    <subfield code="a">1a ed.</subfield>
  </datafield>
  <datafield tag="260" ind1=" " ind2=" ">
    <subfield code="a">ROMA</subfield>
  </datafield>
  <datafield tag="260" ind1=" " ind2=" ">
    <subfield code="b">Libreria Dello Stato</subfield>
  </datafield>
  <datafield tag="260" ind1=" " ind2=" ">
    <subfield code="c">1933 [1&#xB0; Ed.:1933 - Ed.Ling.Originale:1933]</subfield>
  </datafield>
  <datafield tag="300" ind1=" " ind2=" ">
    <subfield code="a">"733 p. (prefazione: 31; testo: 702 [pagine: 0-0])"</subfield>
  </datafield>
  <datafield tag="500" ind1=" " ind2=" ">
    <subfield code="a">"Introduzione: Storia Generale Catacombe; tombe e culto Martiri; Roma Sotterranea; Documenti per Roma Sotterranea Depositio Martyrum; Indici Cimiteri e Catalogo Olii di Monza; Itinerari; vie Suburbane. Cimiteri del Trastevere: Vaticano; S. Pancrazio; Ss. Processo e Martiniano; Die Felici; Calepodio; Ponziano; S. Felice; Generosa. Cimiteri Cistiberini: memorie Cristiane della via Ostiense (S. Paolo; Commodilla; S. Timoteo; S. Tecla); via Ardeatina  (Cimitero di Domitilla); Cimiteri della via Appia (S. Callisto; S, Sebastiano; Pretestato); Cimiteri della via Latina (Ipogeo di Trebio Giusto); Cimiteri della via Labicana (S. Castulo; Ss. Pietro e Marcellino); Cimiteri della via Tiburtina (Ciriaca o di S. Lorenzo; gruppo Cimiteriale Viale regina Margherita; S. Ippolito); della via Nomentana (S. Nicomede; S. Agnese; S. Alessandro; Maggiore); della via Salaria Nuova (S. Felicita; Trasone; dei Giordani; di Priscilla); della via Salaria vecchia (S. Panfilo; S. Ermete; Ad Clivium Cucumeris); via Flaminia Cimitero di S. Valentino. indicazioni Generali Sui Cimiteri Suburbicani. Ipogeo dei Sincretisti, Ipogei Eretici e Cimiteri Ebraici. Appendice: Scavi e scoperte nella Roma Sotterranea Dopo Morti in bianco e Nero.                                                                                                      "</subfield>
  </datafield>
  <datafield tag="650" ind1=" " ind2=" ">
    <subfield code="a">SAGGI SULLE ARTI VISIVE</subfield>
  </datafield>
  <datafield tag="650" ind1=" " ind2=" ">
    <subfield code="e">Codice materia Spics: 5011</subfield>
  </datafield>
  <datafield tag="942" ind1=" " ind2=" ">
    <subfield code="c">BK</subfield>
  </datafield>
  <datafield tag="957" ind1=" " ind2=" ">
    <subfield code="7">1</subfield>
  </datafield>
  <datafield tag="999" ind1=" " ind2=" ">
    <subfield code="c">77053</subfield>
    <subfield code="d">77053</subfield>
  </datafield>
  <datafield tag="999" ind1=" " ind2=" ">
    <subfield code="g">1</subfield>
  </datafield>
  <datafield tag="952" ind1=" " ind2=" ">
    <subfield code="0">0</subfield>
    <subfield code="1">0</subfield>
    <subfield code="4">0</subfield>
    <subfield code="6">K_000000000000000_0598</subfield>
    <subfield code="7">1</subfield>
    <subfield code="a">SPICS</subfield>
    <subfield code="b">SPICS</subfield>
    <subfield code="d">2013-03-08</subfield>
    <subfield code="l">0</subfield>
    <subfield code="o">K0598</subfield>
    <subfield code="r">2013-03-08 00:00:00</subfield>
    <subfield code="w">2013-03-08</subfield>
    <subfield code="y">BK</subfield>
    <subfield code="z">Progressivo inserimento:  22381 /  N. Volumi: 1 Copie: 1  / data import: 1 marzo 2013 - By Epidotti, Trombetti, Vaglietti. </subfield>
  </datafield>
</record>
